[Event "MNE-ch 76th"]
[Site "Podgorica"]
[Date "2024.02.13"]
[Round "9"]
[White "Draganic, Veljko"]
[Black "Tomic, Aleksandar1"]
[Result "0-1"]
[WhiteElo "2323"]
[BlackElo "2398"]
[PlyCount "68"]
[EventDate "2024.02.06"]
[EventType "swiss"]
[EventRounds "11"]
[EventCountry "MNE"]
[SourceTitle "CB08_2024"]
[SourceDate "2024.02.21"]
[SourceVersion "1"]
[SourceVersionDate "2024.02.21"]
[SourceQuality "1"]

1. e4 d6 2. d4 Nf6 3. Nc3 e5 4. Nf3 Nbd7 5. Bc4 Be7 6. 0-0 0-0 7. Re1 c6 8. a4 h6 9. h3 Re8 10. Ba2 exd4 11. Nxd4 Bf8 12. Bf4 Nc5 13. Qf3 Be6 14. Nxe6 Nxe6 15. Rad1 Nxf4 16. Qxf4 Qa5 17. Bb3 Qb4 18. Qf3 Re5 19. Re3 Rae8 20. Rde1 Be7 21. Rd1 Bd8 22. Red3 Bc7 23. g3 Qc5 24. Kg2 Rd8 25. Rd4 Re7 26. Qf4 Rde8 27. Qf3 Qe5 28. R1d2 Ba5 29. Rxd6 Bxc3 30. bxc3 Nxe4 31. Rd7 Nxd2 32. Bxf7+ Kh8 33. Qd3 Rxd7 34. Qxd7 Qe4+ 0-1

[Event "MNE-ch 76th"]
[Site "Podgorica"]
[Date "2024.02.11"]
[Round "7"]
[White "Draganic, Veljko"]
[Black "Smirnov, Artem"]
[Result "0-1"]
[WhiteElo "2323"]
[BlackElo "2406"]
[PlyCount "98"]
[EventDate "2024.02.06"]
[EventType "swiss"]
[EventRounds "11"]
[EventCountry "MNE"]
[SourceTitle "CB08_2024"]
[SourceDate "2024.02.21"]
[SourceVersion "1"]
[SourceVersionDate "2024.02.21"]
[SourceQuality "1"]

1. e4 c5 2. Nf3 Nc6 3. d4 cxd4 4. Nxd4 e5 5. Nb5 d6 6. N1c3 a6 7. Na3 Be6 8. Nc4 Rb8 9. a3 Qc7 10. Ne3 Nf6 11. Bd3 g6 12. 0-0 Bg7 13. Kh1 0-0 14. f4 exf4 15. Rxf4 Ne5 16. Bd2 Rbe8 17. Qe1 Qd8 18. Qf2 Nfg4 19. Qg3 Nxe3 20. Bxe3 f5 21. exf5 Nxd3 22. cxd3 Bxf5 23. Bd4 Bh6 24. Rff1 d5 25. Rae1 Qd7 26. Rxe8 Rxe8 27. Qh4 Bf8 28. Qf6 Bg7 29. Qxg7+ Qxg7 30. Bxg7 Kxg7 31. d4 Bd3 32. Rd1 Bc2 33. Rc1 Bb3 34. Kg1 Re3 35. Kf2 Rd3 36. Re1 Kf6 37. Re3 Rd2+ 38. Re2 Rxd4 39. Ke3 Ke5 40. g3 Bc4 41. Re1 Rd3+ 42. Kf2+ Kd6 43. Rd1 Rxd1 44. Nxd1 Ke5 45. Ke3 d4+ 46. Kd2 Ke4 47. Nf2+ Kf3 48. Nh3 Kg2 49. Ng5 h6 0-1

[Event "EU-chT 24th"]
[Site "Budva"]
[Date "2023.11.13"]
[Round "3.16"]
[White "Draganic, Veljko"]
[Black "Valkama, Eero"]
[Result "1-0"]
[WhiteElo "2294"]
[BlackElo "2310"]
[PlyCount "91"]
[EventDate "2023.11.11"]
[EventType "team-swiss"]
[EventRounds "9"]
[EventCountry "MNE"]
[SourceTitle "CB47_2023"]
[SourceDate "2023.11.22"]
[SourceVersion "1"]
[SourceVersionDate "2023.11.22"]
[SourceQuality "1"]
[WhiteTeam "Montenegro III"]
[BlackTeam "Finland"]
[WhiteTeamCountry "MNE"]
[BlackTeamCountry "FIN"]

1. e4 e5 2. Nf3 Nc6 3. Bb5 a6 4. Ba4 Nf6 5. Qe2 b5 6. Bb3 Be7 7. 0-0 d6 8. c3 0-0 9. Rd1 Na5 10. Bc2 c5 11. d4 Qc7 12. d5 c4 13. Nbd2 g6 14. Nf1 Nh5 15. Bh6 Ng7 16. Ng3 Nb7 17. h3 Bd7 18. Nh2 f6 19. f4 exf4 20. Bxf4 Rae8 21. Qd2 f5 22. exf5 Nxf5 23. Nxf5 Bxf5 24. Bxf5 Rxf5 25. Ng4 Bf8 26. Bh6 Kh8 27. Re1 Rb8 28. b4 cxb3 29. axb3 Nc5 30. c4 bxc4 31. bxc4 Bg7 32. Rab1 Rbf8 33. Kh2 Bxh6 34. Nxh6 Rf4 35. Re8 Rxe8 36. Qxf4 Qe7 37. Re1 Rf8 38. Rxe7 Rxf4 39. Nf7+ Kg8 40. Nxd6 a5 41. Rc7 Nb3 42. Nb7 a4 43. d6 a3 44. Rc8+ Kg7 45. Ra8 Rxc4 46. d7 1-0

[Event "MNT-ch 75th"]
[Site "Podgorica"]
[Date "2023.02.10"]
[Round "6"]
[White "Krstonijevic, Stjepan"]
[Black "Draganic, Veljko"]
[Result "0-1"]
[WhiteElo "2129"]
[BlackElo "2289"]
[PlyCount "122"]
[EventDate "2023.02.05"]
[EventType "swiss"]
[EventRounds "9"]
[EventCountry "MNE"]
[SourceTitle "CBM 212 Extra"]
[Source "ChessBase"]
[SourceDate "2023.03.31"]
[SourceVersion "1"]
[SourceVersionDate "2023.03.31"]
[SourceQuality "1"]

1. d4 d5 2. Nf3 Nf6 3. Bf4 Bf5 4. e3 e6 5. Bd3 Bxd3 6. Qxd3 c6 7. Nbd2 Bd6 8. Bg3 0-0 9. 0-0 Bxg3 10. hxg3 Nbd7 11. e4 dxe4 12. Nxe4 Qb6 13. Nxf6+ Nxf6 14. Qb3 Rfd8 15. Rfe1 h6 16. c3 Rd5 17. Re5 Rad8 18. Qxb6 axb6 19. Rae1 b5 20. R1e2 Kf8 21. Nd2 b4 22. Rxd5 Nxd5 23. Ne4 b6 24. Rc2 f5 25. Nd2 c5 26. a3 bxa3 27. bxa3 cxd4 28. cxd4 Ra8 29. Nb1 Ra4 30. Rd2 Rc4 31. Rd1 Rc2 32. Kf1 Ra2 33. Rc1 Ra1 34. Ke1 Ke7 35. Kd2 Kd7 36. Kd3 Nf6 37. f3 Nd5 38. Kd2 g5 39. Rg1 Ra2+ 40. Kd3 b5 41. Nd2 Rxa3+ 42. Kc2 Ne3+ 43. Kb2 Rd3 44. Nb3 Kd6 45. Ra1 b4 46. Ra6+ Kd5 47. Ra5+ Kc6 48. Ra6+ Kb5 49. Rxe6 Nc4+ 50. Ka2 Rc3 51. Re2 Ne3 52. Kb2 Kc4 53. Nc1 Kxd4 54. Rd2+ Kc4 55. Rd6 Rc2+ 56. Kb1 Rxg2 57. Rc6+ Kb5 58. Re6 Nd5 59. Re5 Kc4 60. Rxf5 Nc3+ 61. Ka1 Rc2 0-1

[Event "MNT-ch 75th"]
[Site "Podgorica"]
[Date "2023.02.09"]
[Round "5"]
[White "Draganic, Veljko"]
[Black "Draskovic, Luka"]
[Result "0-1"]
[WhiteElo "2289"]
[BlackElo "2509"]
[PlyCount "48"]
[EventDate "2023.02.05"]
[EventType "swiss"]
[EventRounds "9"]
[EventCountry "MNE"]
[SourceTitle "CBM 212 Extra"]
[Source "ChessBase"]
[SourceDate "2023.03.31"]
[SourceVersion "1"]
[SourceVersionDate "2023.03.31"]
[SourceQuality "1"]

1. d4 Nf6 2. c4 d6 3. Nc3 e5 4. Nf3 Nbd7 5. e4 g6 6. Be2 Bg7 7. 0-0 0-0 8. Be3 Qe7 9. Qc2 c6 10. Rad1 h6 11. Rfe1 Ng4 12. Bc1 exd4 13. Nxd4 Nxf2 14. Kxf2 Qh4+ 15. Ke3 Bxd4+ 16. Kxd4 Qf2+ 17. Be3 c5+ 18. Kd3 Ne5+ 19. Kd2 Nxc4+ 20. Kc1 Nxe3 21. Qd2 Nxd1 22. Rxd1 Qh4 23. Qxd6 Be6 24. Qxc5 Rac8 0-1

[Event "MNE-chT 2nd League"]
[Site "Cetinje"]
[Date "2022.10.15"]
[Round "2"]
[White "Draganic, Veljko"]
[Black "Cimbaljevic, Aleksandar"]
[Result "1-0"]
[WhiteElo "2267"]
[BlackElo "1711"]
[PlyCount "60"]
[EventDate "2022.10.14"]
[EventType "team-tourn"]
[EventRounds "5"]
[EventCountry "MNE"]
[SourceTitle "EXT 2024"]
[Source "ChessBase"]
[SourceDate "2023.10.10"]
[SourceVersion "1"]
[SourceVersionDate "2023.10.10"]
[SourceQuality "1"]
[WhiteTeam "Niksic"]
[BlackTeam "Gambit"]
[WhiteTeamCountry "MNE"]
[BlackTeamCountry "MNE"]

1. d4 Nf6 2. c4 e6 3. Nc3 d5 4. cxd5 exd5 5. Bg5 Be7 6. e3 c6 7. Qc2 Bg4 8. Bd3 Bh5 9. Nge2 Nbd7 10. Nf4 Bg6 11. Nxg6 hxg6 12. h3 Qc7 13. 0-0-0 a5 14. Kb1 a4 15. Rc1 Qa5 16. f3 Bb4 17. g4 Bxc3 18. Qxc3 a3 19. Qxa5 Rxa5 20. b3 Ra8 21. h4 Rc8 22. Bf4 b6 23. Bd6 c5 24. g5 Rc6 25. Bf4 Nh5 26. Bb5 Re6 27. dxc5 bxc5 28. Rxc5 Ke7 29. Bxd7 Kxd7 30. Rc7+ Kd8 1-0

[Event "Podgorica Buducnost op"]
[Site "Podgorica"]
[Date "2022.04.17"]
[Round "4"]
[White "Jeknic, Velimir"]
[Black "Draganic, Veljko"]
[Result "0-1"]
[WhiteElo "1920"]
[BlackElo "2248"]
[PlyCount "100"]
[EventDate "2022.04.15"]
[EventType "swiss"]
[EventRounds "5"]
[EventCountry "MNE"]
[SourceTitle "EXT 2023"]
[Source "ChessBase"]
[SourceDate "2022.10.05"]
[SourceVersion "1"]
[SourceVersionDate "2022.10.05"]
[SourceQuality "1"]

1. e4 c6 2. d4 d5 3. Nc3 dxe4 4. Nxe4 Bf5 5. Ng3 Bg6 6. Nf3 Nd7 7. Bc4 e6 8. h4 h6 9. Qe2 Ngf6 10. Bb3 Bd6 11. Ne5 Nxe5 12. dxe5 Qa5+ 13. Bd2 Qxe5 14. 0-0-0 Qxe2 15. Nxe2 Ne4 16. Be3 Bc5 17. Bxc5 Nxc5 18. Nf4 Bh7 19. f3 Rd8 20. Bc4 a5 21. a3 Ke7 22. g4 Rxd1+ 23. Rxd1 g5 24. Ng2 Rd8 25. Rxd8 Kxd8 26. Kd2 Ke7 27. hxg5 hxg5 28. Ne1 Kd6 29. Ke3 b5 30. Be2 Ke5 31. b3 b4 32. axb4 axb4 33. Bd1 f5 34. gxf5 exf5 35. Ng2 f4+ 36. Kd2 Kd4 37. Ne1 Nd7 38. Be2 Ne5 39. Bd1 c5 40. Be2 Bg8 41. Bf1 Bd5 42. Be2 Bc6 43. Bd1 c4 44. bxc4 Nxc4+ 45. Ke2 Ne3 46. Kd2 Nxd1 47. Kxd1 Bb5 48. Kd2 Bf1 49. Kd1 Ke3 50. Kc1 Be2 0-1

[Event "Djenovici TS12 IM"]
[Site "Djenovici"]
[Date "2018.12.22"]
[Round "8"]
[White "Draganic, Veljko"]
[Black "Zherebtsova, Alexandra"]
[Result "0-1"]
[WhiteElo "2270"]
[BlackElo "2186"]
[PlyCount "116"]
[EventDate "2018.12.15"]
[EventType "tourn"]
[EventRounds "9"]
[EventCountry "MNE"]
[EventCategory "1"]
[SourceTitle "CBM 187 Extra"]
[Source "ChessBase"]
[SourceDate "2018.11.04"]
[SourceVersion "1"]
[SourceVersionDate "2018.11.04"]
[SourceQuality "1"]

1. d4 Nf6 2. c4 c6 3. Nf3 d5 4. e3 e6 5. Nbd2 Nbd7 6. b3 Bd6 7. Bb2 b6 8. Bd3 Bb7 9. 0-0 0-0 10. Ne5 c5 11. cxd5 exd5 12. Nxd7 Nxd7 13. dxc5 bxc5 14. Qg4 g6 15. Nf3 f5 16. Qh3 Qe7 17. Rac1 Rac8 18. Rfd1 a6 19. Rc2 Rfe8 20. Rcd2 Ne5 21. Be2 Nf7 22. Bf1 Rcd8 23. Bc3 Bc7 24. Bb2 Bd6 25. Rc1 f4 26. exf4 Bxf4 27. Re2 Qd6 28. Rce1 Rxe2 29. Rxe2 Bc8 30. Qh4 d4 31. Re4 g5 32. Qh5 Bf5 33. Re1 Bg6 34. Qh3 Ne5 35. Nxe5 Bxe5 36. Bc4+ Kh8 37. g3 Re8 38. Qg4 h6 39. Bc1 d3 40. Bd2 Kh7 41. h4 Rf8 42. hxg5 Qd4 43. Qxd4 Bxd4 44. Re7+ Kh8 45. Bf4 hxg5 46. Be5+ Bxe5 47. Rxe5 Rd8 48. Bxd3 Rxd3 49. Rxg5 Rd1+ 50. Kh2 Be4 51. g4 Rc1 52. Re5 Bb1 53. a3 Rc3 54. f4 Bc2 55. b4 c4 56. Rc5 Bd3 57. Ra5 Rb3 58. Kg1 c3 0-1

[Event "Djenovici TS12 IM"]
[Site "Djenovici"]
[Date "2018.12.17"]
[Round "4"]
[White "Abramovic, Bosko"]
[Black "Draganic, Veljko"]
[Result "1-0"]
[WhiteElo "2372"]
[BlackElo "2270"]
[PlyCount "95"]
[EventDate "2018.12.15"]
[EventType "tourn"]
[EventRounds "9"]
[EventCountry "MNE"]
[EventCategory "1"]
[SourceTitle "CBM 187 Extra"]
[Source "ChessBase"]
[SourceDate "2018.11.04"]
[SourceVersion "1"]
[SourceVersionDate "2018.11.04"]
[SourceQuality "1"]

1. d4 d5 2. Nf3 Nf6 3. g3 Bg4 4. Bg2 e6 5. 0-0 Be7 6. Nbd2 0-0 7. Re1 Nbd7 8. e4 dxe4 9. Nxe4 Nxe4 10. Rxe4 Nf6 11. Re1 c6 12. c3 Qb6 13. Qb3 Bxf3 14. Qxb6 axb6 15. Bxf3 b5 16. Bd2 Rfd8 17. a3 Nd5 18. Rad1 h6 19. h4 Bf6 20. Kg2 Nb6 21. Bc1 Nd5 22. h5 Nb6 23. Be4 Nd5 24. f4 Re8 25. g4 Be7 26. g5 Bd6 27. Kf3 hxg5 28. fxg5 Kf8 29. g6 f5 30. Bxd5 cxd5 31. Bg5 Kg8 32. Re2 Ra6 33. Rde1 Bc7 34. Rh1 Bd6 35. h6 gxh6 36. Rxh6 Bf8 37. Rh5 Kg7 38. Bf4 Bd6 39. Rh7+ Kxg6 40. Reh2 Bf8 41. Be5 Rea8 42. Rh8 Kf7 43. Rg2 Ke8 44. Rh7 b4 45. cxb4 b5 46. Rg8 R8a7 47. Rhh8 Rf7 48. Bg7 1-0

[Event "Djenovici TS12 IM"]
[Site "Djenovici"]
[Date "2018.12.17"]
[Round "3"]
[White "Draganic, Veljko"]
[Black "Om, Kharola"]
[Result "1/2-1/2"]
[WhiteElo "2270"]
[BlackElo "2080"]
[PlyCount "79"]
[EventDate "2018.12.15"]
[EventType "tourn"]
[EventRounds "9"]
[EventCountry "MNE"]
[EventCategory "1"]
[SourceTitle "CBM 187 Extra"]
[Source "ChessBase"]
[SourceDate "2018.11.04"]
[SourceVersion "1"]
[SourceVersionDate "2018.11.04"]
[SourceQuality "1"]

1. d4 d5 2. Nf3 e6 3. Bf4 Bd6 4. e3 Nf6 5. Bd3 b6 6. c3 Bb7 7. Nbd2 c5 8. Ne5 0-0 9. 0-0 Nc6 10. Bg3 Ne7 11. Bh4 Nf5 12. Bxf5 exf5 13. Qf3 g6 14. Qh3 Be7 15. f4 Ne4 16. Bxe7 Qxe7 17. Nxe4 dxe4 18. dxc5 bxc5 19. Rfd1 Rfd8 20. Qg3 Ba6 21. h4 Rxd1+ 22. Rxd1 Rd8 23. Qe1 Rd6 24. b3 Qd8 25. Rxd6 Qxd6 26. h5 f6 27. Nc4 Bxc4 28. bxc4 Qd3 29. h6 a6 30. Qc1 Qxc4 31. Qb1 Qb5 32. Qd1 Qd3 33. Qb3+ Kf8 34. Qb8+ Ke7 35. Qc7+ Ke6 36. Qxc5 Qd1+ 37. Kh2 Qh5+ 38. Kg1 Qd1+ 39. Kh2 Qh5+ 40. Kg1 1/2-1/2

[Event "Djenovici TS12 IM"]
[Site "Djenovici"]
[Date "2018.12.15"]
[Round "1"]
[White "Draganic, Veljko"]
[Black "Orosz, Andras1111"]
[Result "0-1"]
[WhiteElo "2270"]
[BlackElo "2281"]
[PlyCount "86"]
[EventDate "2018.12.15"]
[EventType "tourn"]
[EventRounds "9"]
[EventCountry "MNE"]
[EventCategory "1"]
[SourceTitle "CBM 187 Extra"]
[Source "ChessBase"]
[SourceDate "2018.11.04"]
[SourceVersion "1"]
[SourceVersionDate "2018.11.04"]
[SourceQuality "1"]

1. c4 e6 2. e4 c5 3. Nf3 Nc6 4. Nc3 Nf6 5. d4 cxd4 6. Nxd4 Bb4 7. Nxc6 dxc6 8. Qxd8+ Kxd8 9. Bd2 e5 10. 0-0-0 Ke7 11. f3 b6 12. Nd5+ Nxd5 13. exd5 Bxd2+ 14. Rxd2 cxd5 15. Rxd5 f6 16. b3 Be6 17. Rd2 Rhd8 18. Bd3 h6 19. Rhd1 Rac8 20. Kb2 g5 21. Be4 Rxd2+ 22. Rxd2 f5 23. Bc2 Kf6 24. a4 e4 25. fxe4 f4 26. Bd1 h5 27. Kc3 g4 28. a5 b5 29. Be2 Ke5 30. a6 Rc6 31. Ra2 bxc4 32. b4 Kxe4 33. b5 Rb6 34. Bxc4 Bxc4 35. Kxc4 f3 36. gxf3+ gxf3 37. Rb2 Ke3 38. Rb3+ Ke2 39. Rb2+ Ke3 40. Rb3+ Ke2 41. Rb2+ Kf1 42. Rd2 f2 43. Rd5 Rf6 0-1

[Event "MNT-chT 1st League"]
[Site "Podgorica"]
[Date "2018.09.30"]
[Round "6.5"]
[White "Kraljevic, Ivan"]
[Black "Draganic, Veljko"]
[Result "0-1"]
[WhiteElo "2140"]
[BlackElo "2256"]
[PlyCount "51"]
[EventDate "2018.09.07"]
[EventType "team-tourn"]
[EventRounds "9"]
[EventCountry "MNE"]
[SourceTitle "CBM 187 Extra"]
[Source "ChessBase"]
[SourceDate "2018.11.04"]
[SourceVersion "1"]
[SourceVersionDate "2018.11.04"]
[SourceQuality "1"]
[WhiteTeam "Rumija"]
[BlackTeam "Niksic"]
[WhiteTeamCountry "MNE"]
[BlackTeamCountry "MNE"]

1. e4 e5 2. Nf3 Nc6 3. d4 exd4 4. Nxd4 Nf6 5. Nxc6 bxc6 6. Bd3 d5 7. e5 Ng4 8. 0-0 Bc5 9. h3 Nxe5 10. Re1 Qf6 11. Be3 Bxe3 12. Rxe3 Be6 13. Bf1 0-0 14. Nd2 Rab8 15. b3 c5 16. Qe1 Nc6 17. c3 Rfe8 18. Rc1 Bd7 19. Bd3 Ne5 20. Bb1 Bc6 21. Qe2 d4 22. Re4 Bxe4 23. Nxe4 Qh6 24. Rd1 dxc3 25. Qc2 Rbd8 26. Rc1 0-1

[Event "Djenovici TS10"]
[Site "Djenovici"]
[Date "2017.10.29"]
[Round "9"]
[White "Draganic, Veljko"]
[Black "Radlovacki, Jovan"]
[Result "1/2-1/2"]
[WhiteElo "2312"]
[BlackElo "2326"]
[PlyCount "37"]
[EventDate "2017.10.21"]
[EventType "tourn"]
[EventRounds "9"]
[EventCountry "MNE"]
[EventCategory "1"]
[SourceTitle "CBM 181 Extra"]
[Source "ChessBase"]
[SourceDate "2017.12.12"]
[SourceVersion "1"]
[SourceVersionDate "2017.12.12"]
[SourceQuality "1"]

1. e4 c6 2. d4 d5 3. Nc3 dxe4 4. Nxe4 Nf6 5. Nxf6+ exf6 6. c3 Bf5 7. Bd3 Bxd3 8. Qxd3 Bd6 9. Ne2 0-0 10. 0-0 Nd7 11. Bf4 Qc7 12. Bxd6 Qxd6 13. Qg3 Qxg3 14. Nxg3 Nb6 15. Rfe1 Rfe8 16. f3 a5 17. Kf2 Kf8 18. Ne4 Re7 19. Nc5 1/2-1/2

[Event "Djenovici TS10"]
[Site "Djenovici"]
[Date "2017.10.23"]
[Round "3"]
[White "Kisic, Bozidar"]
[Black "Draganic, Veljko"]
[Result "1-0"]
[WhiteElo "2188"]
[BlackElo "2312"]
[PlyCount "49"]
[EventDate "2017.10.21"]
[EventType "tourn"]
[EventRounds "9"]
[EventCountry "MNE"]
[EventCategory "1"]
[SourceTitle "CBM 181 Extra"]
[Source "ChessBase"]
[SourceDate "2017.12.12"]
[SourceVersion "1"]
[SourceVersionDate "2017.12.12"]
[SourceQuality "1"]

1. d4 d5 2. c4 c6 3. cxd5 cxd5 4. Bg5 h6 5. Bh4 Qb6 6. Nc3 e6 7. Qd2 Ne7 8. f3 Nf5 9. Bf2 Nc6 10. Rd1 Nfxd4 11. e4 e5 12. exd5 Nb4 13. Rc1 Bf5 14. Bxd4 exd4 15. Bb5+ Kd8 16. Qe2 dxc3 17. Qe8+ Kc7 18. Rxc3+ Kd6 19. Qxa8 Qxb5 20. Qb8+ Kxd5 21. Ne2 g5 22. Qd8+ Qd7 23. Qf6 Rg8 24. Qd4+ Ke6 25. Re3+ 1-0

[Event "Djenovici TS10"]
[Site "Djenovici"]
[Date "2017.10.22"]
[Round "2"]
[White "Draganic, Veljko"]
[Black "Anand, Nadar"]
[Result "1-0"]
[WhiteElo "2312"]
[BlackElo "2114"]
[PlyCount "93"]
[EventDate "2017.10.21"]
[EventType "tourn"]
[EventRounds "9"]
[EventCountry "MNE"]
[EventCategory "1"]
[SourceTitle "CBM 181 Extra"]
[Source "ChessBase"]
[SourceDate "2017.12.12"]
[SourceVersion "1"]
[SourceVersionDate "2017.12.12"]
[SourceQuality "1"]

1. e4 c5 2. Nf3 Nc6 3. d4 cxd4 4. Nxd4 g6 5. Nc3 Bg7 6. Be3 Nf6 7. Bc4 0-0 8. Bb3 a5 9. 0-0 a4 10. Nxa4 Nxe4 11. Nb5 Ra6 12. c4 d6 13. Qe2 Be6 14. Rad1 Qc8 15. Nb6 Qb8 16. Nd5 Nc5 17. Nbc7 Nxb3 18. Nxa6 bxa6 19. axb3 Qxb3 20. Rd2 Bxd5 21. cxd5 Nb4 22. Rfd1 Bf6 23. g3 Re8 24. Ra1 Rc8 25. Ra3 Qc4 26. Qxc4 Rxc4 27. Ra4 Rc1+ 28. Kg2 Nc2 29. Rxa6 Kg7 30. Re2 Nxe3+ 31. fxe3 Rc5 32. e4 Rb5 33. Ra2 Be5 34. Ra7 Rxb2 35. Rxb2 Bxb2 36. Rxe7 Kf6 37. Rb7 Bd4 38. Kf3 h5 39. h3 Bc5 40. Rd7 Kg7 41. g4 hxg4+ 42. hxg4 Kf6 43. Kf4 g5+ 44. Kf3 Bg1 45. Ke2 Ke5 46. Kd3 f6 47. Re7+ 1-0

[Event "Djenovici TS10"]
[Site "Djenovici"]
[Date "2017.10.21"]
[Round "1"]
[White "Pecurica, Milos"]
[Black "Draganic, Veljko"]
[Result "1/2-1/2"]
[WhiteElo "2264"]
[BlackElo "2312"]
[PlyCount "52"]
[EventDate "2017.10.21"]
[EventType "tourn"]
[EventRounds "9"]
[EventCountry "MNE"]
[EventCategory "1"]
[SourceTitle "CBM 181 Extra"]
[Source "ChessBase"]
[SourceDate "2017.12.12"]
[SourceVersion "1"]
[SourceVersionDate "2017.12.12"]
[SourceQuality "1"]

1. c4 c6 2. d4 d5 3. cxd5 cxd5 4. Bf4 Nc6 5. Nc3 Nf6 6. e3 e6 7. Bd3 Bd6 8. Bxd6 Qxd6 9. f4 Bd7 10. Nf3 Rc8 11. 0-0 Ng4 12. Qe2 f5 13. Ne5 Nf6 14. g4 0-0 15. gxf5 exf5 16. Kh1 Ne4 17. Rg1 Nxc3 18. bxc3 Nxe5 19. fxe5 Qh6 20. Rac1 f4 21. exf4 Rxf4 22. Rg3 Rg4 23. Rcg1 Rxg3 24. Rxg3 Be6 25. Qe3 Qh4 26. Qg1 Qh6 1/2-1/2

[Event "MNT-chT"]
[Site "Montenegro"]
[Date "2017.09.24"]
[Round "2.4"]
[White "Lekic, Dusan"]
[Black "Draganic, Veljko"]
[Result "1-0"]
[WhiteElo "2362"]
[BlackElo "2312"]
[PlyCount "73"]
[EventDate "2017.09.23"]
[EventType "team"]
[EventRounds "9"]
[EventCountry "MNE"]
[SourceTitle "CBM 180 Extra"]
[Source "ChessBase"]
[SourceDate "2017.10.06"]
[SourceVersion "1"]
[SourceVersionDate "2017.10.06"]
[SourceQuality "1"]
[WhiteTeam "Mimoza"]
[BlackTeam "Mladost"]
[WhiteTeamCountry "MNE"]
[BlackTeamCountry "MNE"]

1. d4 d5 2. c4 c6 3. Nf3 Nf6 4. Nc3 dxc4 5. a4 Bf5 6. Ne5 Nbd7 7. Nxc4 Qc7 8. g3 e5 9. dxe5 Nxe5 10. Bf4 Nfd7 11. Bg2 g5 12. Ne3 gxf4 13. Nxf5 0-0-0 14. Qc2 Ng6 15. 0-0-0 Kb8 16. Ne4 Bb4 17. Rd4 a5 18. Rhd1 Nde5 19. Ned6 fxg3 20. hxg3 h5 21. Kb1 Ne7 22. Qe4 Nxf5 23. Nxf5 Rxd4 24. Qxd4 f6 25. f4 Ng4 26. Bf3 Re8 27. Qd7 Qxd7 28. Rxd7 Ne3 29. Bxh5 Rh8 30. Nxe3 Rxh5 31. Kc2 Be1 32. g4 Rc5+ 33. Kd3 Bg3 34. Ke4 b5 35. Rd1 bxa4 36. Kf3 a3 37. Kxg3 1-0

[Event "MNT-chT"]
[Site "Niksic"]
[Date "2016.08.14"]
[Round "9.5"]
[White "Draganic, Veljko"]
[Black "Markovic, Danko"]
[Result "1-0"]
[WhiteElo "2319"]
[BlackElo "1872"]
[PlyCount "81"]
[EventDate "2016.08.06"]
[EventType "team-tourn"]
[EventRounds "9"]
[EventCountry "MNE"]
[SourceTitle "CBM 173 Extra"]
[Source "ChessBase"]
[SourceDate "2016.08.29"]
[SourceVersion "1"]
[SourceVersionDate "2016.08.29"]
[SourceQuality "1"]

1. d4 Nf6 2. Nf3 e6 3. Bf4 d5 4. e3 a6 5. Nbd2 Nbd7 6. Bd3 Be7 7. 0-0 0-0 8. h3 c5 9. c3 b6 10. Qe2 Bb7 11. Rfe1 Re8 12. Rad1 c4 13. Bc2 b5 14. Ne5 Nf8 15. g4 N6d7 16. Ndf3 f6 17. Nxd7 Qxd7 18. Bg3 a5 19. e4 dxe4 20. Bxe4 Bd5 21. Nd2 Qc6 22. Nf1 Bxe4 23. Qxe4 Qxe4 24. Rxe4 Rad8 25. a3 Kf7 26. Bc7 Ra8 27. d5 Bc5 28. a4 f5 29. gxf5 exf5 30. Rxe8 Kxe8 31. axb5 Ra7 32. b6 Rb7 33. Re1+ Kd7 34. Ne3 Bxe3 35. Rxe3 Ng6 36. Re6 Nh4 37. Rd6+ Ke7 38. Rd8 Nf3+ 39. Kh1 Ng5 40. d6+ Ke6 41. Re8+ 1-0

[Event "MNT-chT"]
[Site "Niksic"]
[Date "2016.08.13"]
[Round "8.5"]
[White "Radonjic, Milan"]
[Black "Draganic, Veljko"]
[Result "0-1"]
[WhiteElo "2025"]
[BlackElo "2319"]
[PlyCount "84"]
[EventDate "2016.08.06"]
[EventType "team-tourn"]
[EventRounds "9"]
[EventCountry "MNE"]
[SourceTitle "CBM 173 Extra"]
[Source "ChessBase"]
[SourceDate "2016.08.29"]
[SourceVersion "1"]
[SourceVersionDate "2016.08.29"]
[SourceQuality "1"]

1. d4 e6 2. c4 f5 3. e4 fxe4 4. Nc3 Nf6 5. Bg5 Bb4 6. f3 exf3 7. Nxf3 0-0 8. Bd3 c5 9. a3 Ba5 10. Qc2 h6 11. Bxf6 Bxc3+ 12. bxc3 Rxf6 13. 0-0 d6 14. dxc5 Nd7 15. cxd6 Qb6+ 16. Kh1 Qxd6 17. Nh4 Rxf1+ 18. Rxf1 Nf6 19. h3 Bd7 20. Rd1 Qg3 21. Nf3 Bc6 22. Qe2 Bxf3 23. Qxf3 Qxf3 24. gxf3 Kf7 25. Kg1 Rc8 26. Kf2 b6 27. Ke3 Rc5 28. Be2 Re5+ 29. Kf2 Ke7 30. Rd2 g5 31. Bd1 Ra5 32. a4 Nh5 33. h4 Nf4 34. hxg5 Rxg5 35. Ke3 e5 36. Ke4 h5 37. a5 h4 38. axb6 axb6 39. Rh2 h3 40. Ba4 Rg2 41. Rh1 Kf6 42. Bd1 h2 0-1